Central Library OPAC University of Rajshahi

Humāyūn in Persia / (Record no. 25832)

MARC details
000 -LEADER
fixed length control field 00906cam a22002891 4500
001 - CONTROL NUMBER
control field 25832
003 - CONTROL NUMBER IDENTIFIER
rucl marc code BD-RjUL
005 - DATE AND TIME OF LATEST TRANSACTION
control field 20211209050932.0
008 - FIXED-LENGTH DATA ELEMENTS--GENERAL INFORMATION
fixed length control field 140319s1948 ii a b 001 0beng d
035 ## - SYSTEM CONTROL NUMBER
System control number (BD-RjUL)25902
System control number (OCoLC)3078251
040 ## - CATALOGING SOURCE
Original cataloging agency DLC
Transcribing agency FTaSU
Modifying agency FTaSU
-- DLC
-- BD-RjUL
Language of cataloging eng
041 ## - LANGUAGE CODE
Language code of text/sound track or separate title eng
082 00 - DEWEY DECIMAL CLASSIFICATION NUMBER
Classification number 954.0233
Author mark and year RAH 1948
100 1# - MAIN ENTRY--PERSONAL NAME
Personal name Ray, Sukumar
9 (RLIN) 79365
245 00 - TITLE STATEMENT
Title Humāyūn in Persia /
Statement of responsibility, etc. Sukumar Ray
260 ## - PUBLICATION, DISTRIBUTION, ETC. (IMPRINT)
Place of publication, distribution, etc. Calcutta :
Name of publisher, distributor, etc. Royal Asiatic Society of Bengal,
Date of publication, distribution, etc. 1948.
300 ## - PHYSICAL DESCRIPTION
Pagination xvi, 113 p. :
Illustrations ill. ;
Size 25 cm.
490 1# - SERIES STATEMENT
Series statement Royal Asiatic Society of Bengal. Monograph series,
Volume/sequential designation v. 6
504 ## - BIBLIOGRAPHY, ETC. NOTE
Bibliography, etc Bibliography: p. 88-103. and Indes
600 00 - SUBJECT ADDED ENTRY--PERSONAL NAME
Personal name Humayun,
Titles and other words associated with a name Emperor of Hindustan,
Dates associated with a name 1508-1556.
830 #0 - SERIES ADDED ENTRY--UNIFORM TITLE
Volume number/sequential designation v. 6.
Uniform title Asiatic Society monograph series ;
942 ## - ADDED ENTRY ELEMENTS (KOHA)
Source of classification or shelving scheme Dewey Decimal Classification
Koha item type Books
Holdings
Lost status Source of classification or shelving scheme Damaged status Not for loan Collection code Permanent Location Current Location Shelving location Date acquired Source of acquisition Cost, normal purchase price Total Checkouts Full call number Date last seen Copy number Koha item type
  Dewey Decimal Classification     Non-fiction Central Library, University of Rajshahi Central Library, University of Rajshahi   13/01/1967 Sh. M. Asraf, Lahore 10.00   954.0233 RAH 1948 19/03/2014 C-3 Books